000 00758cam a22002292 4500
001 0000004923
005 20151217151945.0
008 070604s xx 000 0 eng d
020 _a0751307076 :
040 _aKABU
_cKABU
050 0 _aRC87
_b.V65 2001 Suppl.
110 2 _aThe Voluntary Aid Societies.
_@0000155880
245 1 0 _aEmergency first aid :
_cThe Voluntary Aid Societies.
250 _arev. ed.
260 _aLondon :
_bDorling Kindersley,
_c2001.
300 _a32 p. :
_bill. col. ;
_c22 cm.
650 0 _aFirst aid in illness and injury.
_@0000155881
908 _a070604
950 _@1
999 _c6728
_d6728